[Event "Pardubice op"]
[Site "Pardubice"]
[Date "1995.??.??"]
[Round "?"]
[White "Malisauskas, Vidmantas"]
[Black "Vasilchenko, Oleg"]
[Result "1/2-1/2"]
[WhiteElo "2510"]
[BlackElo "2430"]
[PlyCount "98"]
[EventDate "1995.07.??"]
[EventType "swiss"]
[EventRounds "9"]
[EventCountry "CZE"]
[SourceTitle "EXT 1997"]
[Source "ChessBase"]
[SourceDate "1996.11.15"]
[SourceVersion "1"]
[SourceVersionDate "1996.11.15"]
[SourceQuality "1"]

1. e4 c5 2. Nf3 d6 3. d4 cxd4 4. Nxd4 Nf6 5. Nc3 a6 6. Be2 e5 7. Nb3 Be7 8. 0-0 0-0 9. Be3 Be6 10. Kh1 d5 11. exd5 Nxd5 12. Nxd5 Bxd5 13. Nc5 Bc6 14. Qxd8 Rxd8 15. Rfd1 Nd7 16. Nxd7 Rxd7 17. Rxd7 Bxd7 18. Bf3 Rc8 19. Bxb7 Rxc2 20. Bxa6 Rxb2 21. h3 f5 22. a4 f4 23. Ba7 e4 24. Bc4+ Kf8 25. Bd5 Bf6 26. Bc5+ Ke8 27. Re1 e3 28. fxe3 Bxa4 29. exf4+ Kd7 30. Ba3 Rd2 31. Be4 Bc6 32. Bb4 Rd4 33. Bf5+ Kc7 34. Ba5+ Kd6 35. Re6+ Kc5 36. Bxh7 Rxf4 37. Bc7 Rf2 38. Be4 Bxe4 39. Rxe4 Kd5 40. Re8 Rc2 41. Bg3 Rc4 42. Kh2 Re4 43. Rh8 Ke6 44. h4 Kf7 45. h5 Re8 46. Rxe8 Kxe8 47. Kh3 Kf7 48. Kg4 g6 49. h6 Kg8 1/2-1/2

[Event "Berliner Sommer 12th"]
[Site "Berlin"]
[Date "1994.??.??"]
[Round "?"]
[White "Korkina, Svetlana"]
[Black "Vasilchenko, Oleg"]
[Result "1/2-1/2"]
[WhiteElo "2255"]
[BlackElo "2435"]
[PlyCount "105"]
[EventDate "1994.08.??"]
[EventType "swiss"]
[EventRounds "9"]
[EventCountry "GER"]
[SourceTitle "EXT 1997"]
[Source "ChessBase"]
[SourceDate "1996.11.15"]
[SourceVersion "1"]
[SourceVersionDate "1996.11.15"]
[SourceQuality "1"]

1. d4 Nf6 2. c4 e6 3. Nc3 Bb4 4. Qc2 0-0 5. Bg5 d5 6. e3 b6 7. f3 Nbd7 8. cxd5 exd5 9. Bd3 h6 10. Bh4 Re8 11. Bf2 c5 12. Nge2 cxd4 13. exd4 Nf8 14. 0-0 a6 15. Qb3 Bd6 16. Ng3 Ra7 17. Na4 Bc7 18. Rae1 Ne6 19. Bb1 Nf4 20. Rxe8+ Nxe8 21. Qc2 g6 22. Be3 Qd6 23. Re1 Ng7 24. Qd2 Be6 25. Nc3 Ra8 26. Kh1 h5 27. Nge4 dxe4 28. Nxe4 Qd8 29. Bxf4 Bxf4 30. Qxf4 Bf5 31. Qe5 Bxe4 32. fxe4 Qh4 33. Rf1 Rf8 34. d5 Qg4 35. Bd3 b5 36. a4 bxa4 37. Bxa6 h4 38. Bb5 h3 39. gxh3 Qxh3 40. Qg3 Qc8 41. Qg2 Qa8 42. Bc6 Qa6 43. Ra1 Qc4 44. Bxa4 Ra8 45. b3 Qxb3 46. Bxb3 Rxa1+ 47. Qg1 Rxg1+ 48. Kxg1 f6 49. Kf2 Kf7 50. d6+ Ke8 51. Ba4+ Kf7 52. Bb3+ Ke8 53. Ba4+ 1/2-1/2

[Event "Budapest Spring op 10th"]
[Site "Budapest"]
[Date "1994.??.??"]
[Round "7"]
[White "Vasilchenko, Oleg"]
[Black "Dobos, Jozsef"]
[Result "1-0"]
[WhiteElo "2415"]
[BlackElo "2315"]
[PlyCount "85"]
[EventDate "1994.03.??"]
[EventType "swiss"]
[EventRounds "9"]
[EventCountry "HUN"]
[SourceTitle "EXT 1997"]
[Source "ChessBase"]
[SourceDate "1996.11.15"]
[SourceVersion "1"]
[SourceVersionDate "1996.11.15"]
[SourceQuality "1"]

1. d4 e6 2. c4 f5 3. Nf3 Nf6 4. g3 Be7 5. Bg2 0-0 6. 0-0 d6 7. b3 Qe8 8. Bb2 Qh5 9. Nbd2 Nc6 10. Qc2 Kh8 11. Rae1 Bd7 12. a3 a5 13. e3 Rae8 14. Qc3 Bd8 15. b4 axb4 16. axb4 e5 17. b5 exd4 18. Nxd4 Nxd4 19. Qxd4 b6 20. f4 Qh6 21. Qd3 Ng4 22. h3 Nf6 23. Kf2 Bc8 24. Bc6 Re6 25. Rh1 Nd7 26. Bxd7 Bxd7 27. Nf3 Re4 28. h4 Qh5 29. Bd4 Bc8 30. g4 Qe8 31. g5 Bb7 32. h5 Kg8 33. Rh3 c5 34. Bb2 Qe6 35. Nd2 d5 36. cxd5 Bxd5 37. h6 Re8 38. Nxe4 fxe4 39. Qc3 Bf6 40. gxf6 Qxh3 41. f7+ Kxf7 42. Qxg7+ Ke6 43. Qe5+ 1-0

[Event "Schneider Memorial"]
[Site "Budapest"]
[Date "1994.??.??"]
[Round "3"]
[White "Vasilchenko, Oleg"]
[Black "Dovzik, Juri"]
[Result "1-0"]
[WhiteElo "2415"]
[BlackElo "2375"]
[PlyCount "99"]
[EventDate "1994.01.??"]
[EventType "swiss"]
[EventRounds "9"]
[EventCountry "HUN"]
[SourceTitle "EXT 1999"]
[Source "ChessBase"]
[SourceDate "1998.11.16"]
[SourceVersion "1"]
[SourceVersionDate "1998.11.16"]
[SourceQuality "1"]

1. d4 d5 2. c4 c6 3. Nf3 Nf6 4. Nc3 a6 5. g3 b5 6. b3 Bf5 7. Bg2 e6 8. 0-0 Be7 9. Ne5 0-0 10. Bg5 h6 11. Bxf6 Bxf6 12. e4 dxe4 13. Nxe4 Bxe4 14. Bxe4 Ra7 15. Rc1 Qb6 16. c5 Qc7 17. f4 Rd8 18. Rc2 g6 19. Rd2 Bg7 20. Qf3 f5 21. Bc2 Bxe5 22. fxe5 Qe7 23. b4 Rad7 24. Rfd1 Qg5 25. Bb3 Re8 26. a4 h5 27. axb5 axb5 28. Ra2 Qd8 29. Qf2 Kg7 30. Ra8 Qe7 31. Qa2 h4 32. Kg2 Kf7 33. Qd2 Rh8 34. Qf4 Kg7 35. Qf2 h3+ 36. Kg1 Kf7 37. Qa2 Re8 38. Qd2 Rh8 39. g4 Qh4 40. gxf5 gxf5 41. Qe3 Re8 42. Qf3 Rg8+ 43. Kh1 Ke7 44. Rf1 Qh6 45. Qf4 Qh7 46. Rxb8 Rxb8 47. Qg5+ Ke8 48. Bxe6 Rg7 49. Qxf5 Qxf5 50. Bxf5 1-0

[Event "Berliner Sommer 12th"]
[Site "Berlin"]
[Date "1994.??.??"]
[Round "?"]
[White "Vasilchenko, Oleg"]
[Black "Glienke, Manfred"]
[Result "1-0"]
[WhiteElo "2435"]
[BlackElo "2260"]
[PlyCount "67"]
[EventDate "1994.08.??"]
[EventType "swiss"]
[EventRounds "9"]
[EventCountry "GER"]
[SourceTitle "EXT 1997"]
[Source "ChessBase"]
[SourceDate "1996.11.15"]
[SourceVersion "1"]
[SourceVersionDate "1996.11.15"]
[SourceQuality "1"]

1. d4 d5 2. c4 e6 3. Nf3 Nf6 4. g3 Bb4+ 5. Nc3 0-0 6. Bg2 Ne4 7. Qc2 c6 8. 0-0 f5 9. Bf4 Nd7 10. Ne5 Nxe5 11. Bxe5 Bd6 12. Bxd6 Nxd6 13. c5 Nf7 14. e3 e5 15. dxe5 Nxe5 16. Ne2 Qe8 17. Nd4 Bd7 18. b4 a6 19. a4 g5 20. Rfe1 Qh5 21. Qd1 Qg6 22. Qb3 Kg7 23. b5 Rae8 24. Qc3 Kg8 25. bxa6 bxa6 26. Rab1 Rb8 27. Rb6 Rxb6 28. cxb6 Qd6 29. Nb3 Nc4 30. a5 Be6 31. Nd4 Bd7 32. Bf1 c5 33. Bxc4 cxd4 34. Qxd4 1-0

[Event "RUS-chT 02nd"]
[Site "Kolontaevo"]
[Date "1994.??.??"]
[Round "9"]
[White "Vasilchenko, Oleg"]
[Black "Yandemirov, Valeri"]
[Result "0-1"]
[WhiteElo "2435"]
[BlackElo "2535"]
[PlyCount "80"]
[EventDate "1994.??.??"]
[EventType "team-tourn"]
[EventRounds "9"]
[EventCountry "RUS"]
[SourceTitle "EXT 2020"]
[Source "ChessBase"]
[SourceDate "2019.10.17"]
[SourceVersion "1"]
[SourceVersionDate "2019.10.17"]
[SourceQuality "1"]
[WhiteTeam "Voronezh OShK"]
[BlackTeam "Ufa Kadyr"]
[WhiteTeamCountry "RUS"]
[BlackTeamCountry "RUS"]

1. d4 Nf6 2. Nf3 g6 3. c4 Bg7 4. Nc3 d5 5. Bf4 c6 6. e3 0-0 7. h3 Be6 8. Nd2 dxc4 9. Bxc4 Bxc4 10. Nxc4 Nd5 11. Be5 Nxc3 12. bxc3 Qd5 13. Bxg7 Qxg2 14. Ke2 Kxg7 15. Ne5 Qd5 16. c4 Qe6 17. Qb3 Nd7 18. Nd3 b6 19. f3 Qf6 20. Nf2 e5 21. d5 Nc5 22. Qc3 cxd5 23. cxd5 Qd6 24. Rhd1 Rac8 25. Rac1 f6 26. Qb4 Rf7 27. Ne4 Nxe4 28. Qxe4 Rfc7 29. Rxc7+ Rxc7 30. Rd2 b5 31. Qd3 e4 32. Qxe4 Qh2+ 33. Kd3 Qxh3 34. Qb4 Qf1+ 35. Re2 Qd1+ 36. Rd2 Qf1+ 37. Re2 Qd1+ 38. Rd2 Qxf3 39. Qxb5 Qf5+ 40. Ke2 Rc1 0-1

[Event "Schneider Memorial"]
[Site "Budapest"]
[Date "1994.??.??"]
[Round "5"]
[White "Vasilchenko, Oleg"]
[Black "Zemerov, Vladimir"]
[Result "1/2-1/2"]
[WhiteElo "2415"]
[BlackElo "2415"]
[PlyCount "90"]
[EventDate "1994.01.??"]
[EventType "swiss"]
[EventRounds "9"]
[EventCountry "HUN"]
[SourceTitle "EXT 1999"]
[Source "ChessBase"]
[SourceDate "1998.11.16"]
[SourceVersion "1"]
[SourceVersionDate "1998.11.16"]
[SourceQuality "1"]

1. d4 d5 2. c4 e6 3. Nf3 Nf6 4. g3 Bb4+ 5. Bd2 Be7 6. Bg2 0-0 7. 0-0 Nbd7 8. Bc3 Ne4 9. Nbd2 f5 10. Qb3 c6 11. Bb4 Kh8 12. Rad1 b6 13. Bxe7 Qxe7 14. Ne5 Nxe5 15. dxe5 Ba6 16. Bxe4 fxe4 17. Qa4 Bb7 18. f4 exf3 19. Rxf3 Qc5+ 20. Kg2 dxc4 21. Rdf1 Rxf3 22. Nxf3 b5 23. Qc2 Qe3 24. Rd1 c5 25. Rd7 Bxf3+ 26. exf3 Qxe5 27. f4 Qf6 28. Qf2 a6 29. Rc7 Rd8 30. Rxc5 h6 31. Rc6 Qf5 32. Rxa6 Qd5+ 33. Qf3 Qd2+ 34. Kh3 Qxb2 35. Rxe6 Qc2 36. f5 Qd3 37. Re3 Qd5 38. Qh5 Rf8 39. Re8 Kg8 40. Qg6 Qf7 41. Rxf8+ Qxf8 42. f6 Qxf6 43. Qe8+ Qf8 44. Qxb5 Qc8+ 45. Kg2 Qa8+ 1/2-1/2

[Event "Policka"]
[Site "Policka"]
[Date "1993.??.??"]
[Round "4"]
[White "Mozny, Milos"]
[Black "Vasilchenko, Oleg"]
[Result "1/2-1/2"]
[WhiteElo "2395"]
[BlackElo "2425"]
[PlyCount "27"]
[EventDate "1993.??.??"]
[EventType "tourn"]
[EventRounds "9"]
[EventCountry "CZE"]
[EventCategory "5"]
[SourceTitle "EXT 1997"]
[Source "ChessBase"]
[SourceDate "1996.11.15"]
[SourceVersion "1"]
[SourceVersionDate "1996.11.15"]
[SourceQuality "1"]

1. d4 Nf6 2. Nf3 e6 3. g3 c5 4. c4 cxd4 5. Nxd4 Bb4+ 6. Bd2 Qb6 7. e3 Nc6 8. Bg2 d5 9. 0-0 0-0 10. cxd5 Nxd4 11. Bxb4 Qxb4 12. Qxd4 Qxd4 13. exd4 Nxd5 14. Nc3 1/2-1/2

[Event "Hlinsko op"]
[Site "Hlinsko"]
[Date "1993.??.??"]
[Round "?"]
[White "Pribyl, Martin"]
[Black "Vasilchenko, Oleg"]
[Result "1-0"]
[WhiteElo "2300"]
[BlackElo "2425"]
[PlyCount "81"]
[EventDate "1993.??.??"]
[EventType "swiss"]
[EventRounds "9"]
[EventCountry "CZE"]
[SourceTitle "EXT 1997"]
[Source "ChessBase"]
[SourceDate "1996.11.15"]
[SourceVersion "1"]
[SourceVersionDate "1996.11.15"]
[SourceQuality "1"]

1. e4 c5 2. Nf3 d6 3. d4 cxd4 4. Nxd4 Nf6 5. Nc3 a6 6. Bg5 e6 7. f4 Nbd7 8. Qf3 Qc7 9. 0-0-0 b5 10. e5 Bb7 11. Qh3 dxe5 12. Nxe6 fxe6 13. Qxe6+ Be7 14. Nxb5 axb5 15. Bxb5 Be4 16. c3 0-0-0 17. Qxe7 Rhe8 18. Qb4 Bb7 19. fxe5 Qxe5 20. Bf4 Qe7 21. Qc4+ Qc5 22. Rxd7 Qxc4 23. Rxd8+ Kxd8 24. Bxc4 Bxg2 25. Rd1+ Kc8 26. Ba6+ Bb7 27. Bxb7+ Kxb7 28. Bg5 Re2 29. Bxf6 gxf6 30. Rd7+ Kc6 31. Rxh7 f5 32. Rf7 Rf2 33. a4 Kd6 34. a5 Ke6 35. Rh7 Ke5 36. a6 Rf1+ 37. Kd2 Rf2+ 38. Kc1 Rf1+ 39. Kc2 Ra1 40. a7 Ke4 41. b4 1-0

[Event "Policka"]
[Site "Policka"]
[Date "1993.??.??"]
[Round "7"]
[White "Pribyl, Martin"]
[Black "Vasilchenko, Oleg"]
[Result "0-1"]
[WhiteElo "2300"]
[BlackElo "2425"]
[PlyCount "104"]
[EventDate "1993.??.??"]
[EventType "tourn"]
[EventRounds "9"]
[EventCountry "CZE"]
[EventCategory "5"]
[SourceTitle "EXT 1997"]
[Source "ChessBase"]
[SourceDate "1996.11.15"]
[SourceVersion "1"]
[SourceVersionDate "1996.11.15"]
[SourceQuality "1"]

1. Nf3 c5 2. c4 Nf6 3. b3 e6 4. Bb2 Be7 5. g3 b6 6. Bg2 Bb7 7. 0-0 0-0 8. Nc3 d6 9. d4 cxd4 10. Nxd4 Bxg2 11. Kxg2 a6 12. e4 Qc7 13. f3 Nbd7 14. Qd2 Rfd8 15. Rad1 Bf8 16. Qe3 Rac8 17. Rd2 Qb7 18. Rfd1 Nc5 19. g4 Qc7 20. g5 Nh5 21. Nde2 g6 22. Ng3 Ng7 23. h4 Ne8 24. h5 Bg7 25. h6 Bh8 26. Nd5 exd5 27. Bxh8 Kxh8 28. exd5 f6 29. Re1 Qf7 30. Rde2 Nc7 31. Qd4 Re8 32. Qxf6+ Qxf6 33. gxf6 Nd3 34. Rxe8+ Nxe8 35. Re7 Nxf6 36. Rf7 Ng8 37. Ne4 Nxh6 38. Ra7 Rf8 39. Nxd6 Ne1+ 40. Kf2 Nxf3 41. Rxa6 Ng4+ 42. Ke2 Nfe5 43. Kd2 h5 44. Rxb6 h4 45. Ne4 h3 46. Ng3 Rf2+ 47. Kc1 Nd3+ 48. Kb1 Rb2+ 49. Ka1 Ne3 50. Rb8+ Kh7 51. Rb7+ Kh6 52. Nf5+ gxf5 0-1

[Event "Hlinsko op"]
[Site "Hlinsko"]
[Date "1993.??.??"]
[Round "?"]
[White "Vasilchenko, Oleg"]
[Black "Haba, Petr"]
[Result "1/2-1/2"]
[WhiteElo "2425"]
[BlackElo "2485"]
[PlyCount "30"]
[EventDate "1993.??.??"]
[EventType "swiss"]
[EventRounds "9"]
[EventCountry "CZE"]
[SourceTitle "EXT 1997"]
[Source "ChessBase"]
[SourceDate "1996.11.15"]
[SourceVersion "1"]
[SourceVersionDate "1996.11.15"]
[SourceQuality "1"]

1. d4 d5 2. c4 c6 3. Nf3 Nf6 4. Nc3 dxc4 5. g3 b5 6. Bg2 Bb7 7. Ne5 Nd5 8. Ne4 f6 9. Nc5 fxe5 10. Nxb7 Qc8 11. Nc5 e6 12. Ne4 exd4 13. Qxd4 Bb4+ 14. Bd2 Bxd2+ 15. Qxd2 0-0 1/2-1/2

[Event "Policka"]
[Site "Policka"]
[Date "1993.??.??"]
[Round "3"]
[White "Vasilchenko, Oleg"]
[Black "Hausner, Ivan"]
[Result "1-0"]
[WhiteElo "2425"]
[BlackElo "2465"]
[PlyCount "37"]
[EventDate "1993.??.??"]
[EventType "tourn"]
[EventRounds "9"]
[EventCountry "CZE"]
[EventCategory "5"]
[SourceTitle "CBM 038"]
[Source "ChessBase"]
[SourceDate "1994.02.01"]
[SourceVersion "1"]
[SourceVersionDate "1994.02.01"]
[SourceQuality "1"]

1. d4 d6 2. Nf3 Bg4 3. g3 Qc8 4. h3 Bxf3 5. exf3 d5 6. Be3 e6 7. Bd3 Bd6 8. Qe2 Ne7 9. Nd2 Nd7 10. f4 c5 11. c4 cxd4 12. Bxd4 0-0 13. Rc1 Nc6 14. Bxg7 Kxg7 15. cxd5 exd5 16. Qg4+ Kh8 17. Qf5 Kg7 18. Qxh7+ Kf6 19. Qh4+ 1-0

[Event "Hlinsko op"]
[Site "Hlinsko"]
[Date "1993.??.??"]
[Round "?"]
[White "Vasilchenko, Oleg"]
[Black "Malivanek, Jiri"]
[Result "1-0"]
[WhiteElo "2425"]
[BlackElo "2195"]
[PlyCount "79"]
[EventDate "1993.??.??"]
[EventType "swiss"]
[EventRounds "9"]
[EventCountry "CZE"]
[SourceTitle "EXT 1997"]
[Source "ChessBase"]
[SourceDate "1996.11.15"]
[SourceVersion "1"]
[SourceVersionDate "1996.11.15"]
[SourceQuality "1"]

1. d4 d5 2. c4 e6 3. Nf3 c6 4. g3 Nf6 5. Bg2 dxc4 6. 0-0 Nbd7 7. Nc3 Nd5 8. a4 b6 9. Bd2 a5 10. e4 Nb4 11. d5 cxd5 12. exd5 exd5 13. Re1+ Be7 14. Nd4 Nf6 15. Nxd5 Nfxd5 16. Bxb4 Nxb4 17. Bxa8 0-0 18. Nc6 Nxc6 19. Qxd8 Bxd8 20. Bxc6 Bf6 21. Rac1 Bxb2 22. Rxc4 Be6 23. Rce4 Ba3 24. Rd1 Rc8 25. Bd7 Bxd7 26. Rxd7 Bc5 27. Rf4 Rf8 28. Rf3 f6 29. Rfd3 Rf7 30. Kf1 g5 31. g4 Kg7 32. f3 Rxd7 33. Rxd7+ Kg6 34. h3 h5 35. Rc7 hxg4 36. hxg4 Bd6 37. Rc6 Bc5 38. Ke2 Kf7 39. Kd3 Ke7 40. Ke4 1-0

[Event "Bratislava op"]
[Site "Bratislava"]
[Date "1993.??.??"]
[Round "6"]
[White "Vasilchenko, Oleg"]
[Black "Martiska, Peter"]
[Result "0-1"]
[WhiteElo "2425"]
[BlackElo "2220"]
[PlyCount "120"]
[EventDate "1993.??.??"]
[EventType "swiss"]
[EventRounds "9"]
[EventCountry "SVK"]
[SourceTitle "EXT 1997"]
[Source "ChessBase"]
[SourceDate "1996.11.15"]
[SourceVersion "1"]
[SourceVersionDate "1996.11.15"]
[SourceQuality "1"]

1. d4 Nf6 2. Nf3 e6 3. c4 c5 4. g3 cxd4 5. Nxd4 a6 6. Bg2 Be7 7. 0-0 0-0 8. Nc3 d6 9. e4 Qc7 10. Be3 Nc6 11. Rc1 Nxd4 12. Qxd4 Bd7 13. h3 Rac8 14. b3 Rfe8 15. Rfd1 Qb8 16. a4 Qc7 17. Qd2 Red8 18. f4 Be8 19. Qf2 Nd7 20. b4 b6 21. Ne2 Bf8 22. Nd4 e5 23. Ne2 a5 24. Nc3 Qxc4 25. Nd5 Qb3 26. Rb1 Qxa4 27. Nxb6 Nxb6 28. Bxb6 Rc2 29. Rd2 Rdc8 30. bxa5 Rxd2 31. Qxd2 Rc2 32. Qe1 Qa2 33. Bf3 Bc6 34. Rc1 g6 35. Rxc2 Qxc2 36. Qf2 Qc1+ 37. Kg2 exf4 38. gxf4 Qxf4 39. Qe3 Qe5 40. a6 Bg7 41. a7 Bf6 42. Qa3 Ba8 43. Bf2 Qg5+ 44. Kf1 Be5 45. Ke2 Kg7 46. Qb4 Qc1 47. Qd2 Qa1 48. Be3 h5 49. Qc2 Bb7 50. Qb3 Bc6 51. Qb6 Qc3 52. Qb8 Qc4+ 53. Kf2 Qc2+ 54. Kf1 Qd3+ 55. Kf2 Qc2+ 56. Kg1 Qd3 57. Qb6 Ba8 58. Kg2 Qc2+ 59. Bf2 h4 60. Kh1 Qa2 0-1